Análisis de las modificaciones al Régimen Penal Tributario (Registro nro. 22272)

Detalles MARC
000 -LEADER
fixed length control field 00417 a2200109 4500
001 - CONTROL NUMBER
control field ART_17441
005 - DATE AND TIME OF LATEST TRANSACTION
control field 20260410161820.0
008 - FIXED-LENGTH DATA ELEMENTS--GENERAL INFORMATION
fixed length control field 260409a
100 1# - MAIN ENTRY--PERSONAL NAME
Personal name Semachowicz, Esteban D.
245 10 - TITLE STATEMENT
Title Análisis de las modificaciones al Régimen Penal Tributario
773 0# - HOST ITEM ENTRY
Title Doctrina Penal Tributaria y Económica
Related parts Edición especial : Reforma de la Ley Penal Tributaria - Nº 22 (feb. 2012)
Record control number REV4317

No hay ítems disponibles.